| 000 | 00472ntaaa2200181 4500 | ||
|---|---|---|---|
| 003 | 01 | ||
| 005 | 20251027202254.0 | ||
| 008 | 0714s1973 ag 01 | ||
| 040 |
_aAR-BaBN _bspa _cAR-BaBN _eaacr _dRIC |
||
| 082 | _a270.1000 R14 | ||
| 100 |
_aRamsay, W.M. _95835 |
||
| 245 | _aThe church in the roman empire before A.D. 170 | ||
| 250 | _a1 ed. | ||
| 260 |
_aLondon : _bHodder and Stoughton, _c1894 |
||
| 300 | _axxi, 494 p | ||
| 650 | _ahistoria eclesiƔstica | ||
| 942 | _cBK | ||
| 999 |
_c17504 _d17504 |
||